[Event "Titled Tuesday intern op 28th Mar Early"]
[Site "Chess.com INT"]
[Date "2023.03.28"]
[Round "9"]
[White "Kadam, Om Manish"]
[Black "Miszler, Levente"]
[Result "0-1"]
[WhiteElo "2321"]
[BlackElo "2260"]
[PlyCount "48"]
[EventDate "2023.03.28"]
[EventType "swiss (blitz)"]
[EventRounds "11"]
[EventCountry "USA"]
[SourceTitle "EXT 2024"]
[Source "ChessBase"]
[SourceDate "2023.10.10"]
[SourceVersion "1"]
[SourceVersionDate "2023.10.10"]
[SourceQuality "1"]

1. Nf3 Nf6 2. b3 g6 3. Bb2 Bg7 4. g3 0-0 5. Bg2 d5 6. 0-0 c5 7. e3 Nc6 8. d4 Ne4 9. Nbd2 Nxd2 10. Qxd2 cxd4 11. exd4 Bf5 12. c4 Be4 13. Rad1 Rc8 14. Rfe1 Re8 15. Qe2 Nb4 16. Rd2 Qa5 17. Bc3 Qa3 18. Ra1 Nc6 19. Bb2 Qa6 20. a3 Na5 21. Qe3 Bxf3 22. Qxf3 dxc4 23. bxc4 Nxc4 24. Bf1 Nxd2 0-1

[Event "Titled Tuesday intern op 28th Mar Early"]
[Site "Chess.com INT"]
[Date "2023.03.28"]
[Round "8"]
[White "Kadam, Om Manish"]
[Black "Pasti, Aron"]
[Result "1-0"]
[WhiteElo "2321"]
[BlackElo "2378"]
[PlyCount "67"]
[EventDate "2023.03.28"]
[EventType "swiss (blitz)"]
[EventRounds "11"]
[EventCountry "USA"]
[SourceTitle "EXT 2024"]
[Source "ChessBase"]
[SourceDate "2023.10.10"]
[SourceVersion "1"]
[SourceVersionDate "2023.10.10"]
[SourceQuality "1"]

1. e4 e5 2. Nf3 Nc6 3. Bc4 Bc5 4. c3 Nf6 5. d3 d6 6. a4 a5 7. Nbd2 0-0 8. 0-0 Bg4 9. h3 Bh5 10. Qb3 Qd7 11. Bb5 Rfe8 12. d4 exd4 13. cxd4 Bxd4 14. Bxc6 bxc6 15. Nxd4 Nxe4 16. Nxe4 Rxe4 17. Be3 c5 18. Qd5 Rae8 19. Qc6 Qc8 20. Nb5 Be2 21. Rfe1 Bxb5 22. axb5 R4e5 23. Rxa5 d5 24. Qxc5 Qd7 25. Rd1 Qf5 26. Qxc7 h6 27. Qb7 R8e7 28. Ra8+ Kh7 29. Qc8 Qh5 30. Qh8+ Kg6 31. Rd4 Rxe3 32. Rg4+ Kf6 33. Qxg7+ Ke6 34. fxe3 1-0

[Event "Titled Tuesday intern op 28th Mar Early"]
[Site "Chess.com INT"]
[Date "2023.03.28"]
[Round "11"]
[White "Melikhov, Evgeny V"]
[Black "Kadam, Om Manish"]
[Result "1-0"]
[WhiteElo "2269"]
[BlackElo "2321"]
[PlyCount "131"]
[EventDate "2023.03.28"]
[EventType "swiss (blitz)"]
[EventRounds "11"]
[EventCountry "USA"]
[SourceTitle "EXT 2024"]
[Source "ChessBase"]
[SourceDate "2023.10.10"]
[SourceVersion "1"]
[SourceVersionDate "2023.10.10"]
[SourceQuality "1"]

1. d4 Nf6 2. c4 e6 3. Nc3 d5 4. cxd5 exd5 5. Bg5 Be7 6. e3 0-0 7. Bd3 c6 8. Qc2 Nbd7 9. Nf3 Re8 10. 0-0 Nf8 11. h3 g6 12. Ne5 N6d7 13. Bxe7 Qxe7 14. Nxd7 Bxd7 15. b4 Ne6 16. b5 Ng5 17. bxc6 bxc6 18. Ne2 h5 19. Nf4 Qf6 20. Rab1 Rab8 21. Rxb8 Rxb8 22. Rb1 Rxb1+ 23. Qxb1 Qd8 24. Qb7 a5 25. h4 Ne4 26. Bxe4 dxe4 27. d5 cxd5 28. Qxd5 a4 29. Nxg6 Qc7 30. Nf4 a3 31. Qxh5 Qc2 32. Qg5+ Kf8 33. Qd8+ Be8 34. Qd6+ Kg8 35. Qxa3 Qd1+ 36. Kh2 Qc2 37. Qe7 Bc6 38. Nh5 Qxf2 39. Qf6 Qxf6 40. Nxf6+ Kg7 41. Ng4 Kg6 42. Nf2 f5 43. Kg3 Kh5 44. Kf4 Kxh4 45. Kxf5 Kg3 46. Nxe4+ Kxg2 47. Nc5 Kf3 48. e4 Ke3 49. e5 Kd4 50. Nb3+ Kc3 51. e6 Kb2 52. Nc5 Kxa2 53. e7 Ka3 54. Ke6 Be8 55. Nd7 Kb4 56. Nf6 Bg6 57. Nd5+ Kc5 58. Nc7 Kc6 59. Nd5 Be8 60. Nf6 Bg6 61. Ng8 Be8 62. Nh6 Kc7 63. Nf7 Kc6 64. Nd6 Bg6 65. Nf7 Bxf7+ 66. Kxf7 1-0

[Event "Paracin op-A 15th"]
[Site "Paracin"]
[Date "2022.07.12"]
[Round "5"]
[White "Kadam, Om Manish"]
[Black "Chitlange, Sakshi"]
[Result "1/2-1/2"]
[WhiteElo "2037"]
[BlackElo "2216"]
[PlyCount "98"]
[EventDate "2022.07.08"]
[EventType "swiss"]
[EventRounds "9"]
[EventCountry "SRB"]
[SourceTitle "CBM 209 Extra"]
[Source "ChessBase"]
[SourceDate "2022.09.30"]
[SourceVersion "1"]
[SourceVersionDate "2022.09.30"]
[SourceQuality "1"]

1. e4 c6 2. c4 d5 3. exd5 cxd5 4. cxd5 Nf6 5. Nc3 Nxd5 6. Nf3 Nc6 7. Bb5 g6 8. Qa4 Qd6 9. Ne4 Qe6 10. 0-0 Bg7 11. Re1 0-0 12. d4 Nb6 13. Qa3 a6 14. Bxc6 Qxc6 15. Qxe7 Nd5 16. Qc5 Qxc5 17. Nxc5 b6 18. Ne4 Nb4 19. Re2 Bg4 20. a3 Bxf3 21. gxf3 Nc6 22. Be3 Nxd4 23. Bxd4 Bxd4 24. Rd1 Be5 25. Rd5 Bg7 26. Rd6 Rab8 27. Nf6+ Bxf6 28. Rxf6 Kg7 29. Rc6 Rfc8 30. Rec2 Rd8 31. R2c3 Rd2 32. Rc2 Rxc2 33. Rxc2 Re8 34. Rc7 Re2 35. b4 Ra2 36. Rc6 Rxa3 37. Rxb6 a5 38. bxa5 Rxa5 39. Rb4 h5 40. h4 g5 41. hxg5 Rxg5+ 42. Kh2 Kg6 43. Re4 f6 44. Rb4 Rd5 45. Re4 Kg5 46. Kg3 Rd1 47. Ra4 Kg6 48. Ra3 Rg1+ 49. Kh3 f5 1/2-1/2

[Event "Novi Sad Serbia op-A"]
[Site "Novi Sad"]
[Date "2022.06.29"]
[Round "2"]
[White "Colovic, Dusan"]
[Black "Kadam, Om Manish"]
[Result "1-0"]
[WhiteElo "2271"]
[BlackElo "2098"]
[PlyCount "141"]
[EventDate "2022.06.28"]
[EventType "swiss"]
[EventRounds "9"]
[EventCountry "SRB"]
[SourceTitle "EXT 2023"]
[Source "ChessBase"]
[SourceDate "2022.10.05"]
[SourceVersion "1"]
[SourceVersionDate "2022.10.05"]
[SourceQuality "1"]

1. d4 Nf6 2. Bf4 e6 3. e3 c5 4. c3 b6 5. Nf3 Bb7 6. Nbd2 Be7 7. Bd3 cxd4 8. exd4 d6 9. 0-0 Nbd7 10. Re1 0-0 11. Nc4 Qc7 12. a4 a6 13. Ne3 Rfe8 14. h3 Bc6 15. Bh2 Bf8 16. Nd2 e5 17. Ndc4 b5 18. Na5 exd4 19. cxd4 Be4 20. Bxe4 Rxe4 21. axb5 axb5 22. Nb3 Ra4 23. Rc1 Qb7 24. Qf3 d5 25. Rc7 Qb6 26. Rec1 Rc4 27. Nxc4 bxc4 28. Nc5 Qxb2 29. Rf1 Nxc5 30. dxc5 c3 31. Bf4 c2 32. c6 Rc4 33. Rb7 Qa2 34. c7 Qa6 35. Rb8 Rc6 36. Re1 Rc4 37. Bc1 Qa5 38. Re2 Qa1 39. Re1 Qa5 40. Rf1 Qxc7 41. Ra8 Qc6 42. Qa3 Nd7 43. Re1 Rc3 44. Qa5 h6 45. Ra7 Nb6 46. Qa6 Bc5 47. Qe2 Rc4 48. Qd3 Bb4 49. Re2 Bd6 50. Qf5 Rf4 51. Rxc2 Rxf5 52. Rxc6 Nc4 53. Rd7 Rf6 54. Kf1 Kh7 55. Ke2 Re6+ 56. Kd1 Kg6 57. g4 h5 58. f4 hxg4 59. hxg4 f5 60. g5 Kh5 61. Rxg7 Re4 62. Rh7+ Kg4 63. g6 Re8 64. g7 Rg8 65. Rc8 Rxc8 66. Rh8 Rc7 67. g8Q+ Kf3 68. Rh3+ Ke4 69. Qg2+ Kd4 70. Qf2+ Ke4 71. Qf3+ 1-0

[Event "IND-ch U14"]
[Site "Ahmedabad"]
[Date "2022.05.11"]
[Round "6"]
[White "Bagwe, Gaurang"]
[Black "Kadam, Om Manish"]
[Result "0-1"]
[WhiteElo "1789"]
[BlackElo "2144"]
[PlyCount "112"]
[EventDate "2022.05.09"]
[EventType "swiss"]
[EventRounds "11"]
[EventCountry "IND"]
[SourceTitle "CBM 208 Extra"]
[Source "ChessBase"]
[SourceDate "2022.07.31"]
[SourceVersion "1"]
[SourceVersionDate "2022.07.31"]
[SourceQuality "1"]

1. e4 c5 2. Nf3 d6 3. d4 cxd4 4. Nxd4 Nf6 5. Nc3 a6 6. g3 e5 7. Nde2 Be7 8. Bg2 b5 9. 0-0 Nbd7 10. h3 Bb7 11. g4 Nc5 12. Ng3 0-0 13. Be3 Rc8 14. Qd2 g6 15. f4 exf4 16. Rxf4 Ne6 17. Rf2 Nd7 18. Raf1 Ne5 19. Bh6 Bh4 20. Kh2 Nc4 21. Qe1 Ne5 22. Bxf8 Qxf8 23. Nd5 Qh6 24. Qd1 Bxd5 25. exd5 Nc5 26. Qd4 Na4 27. b3 Nc3 28. Re1 Qg5 29. Qa7 f5 30. Qxa6 Re8 31. Rxe5 Bxg3+ 32. Kxg3 f4+ 33. Kh2 Qxe5 34. Rf3 b4 35. Qc4 Nxd5 36. Kh1 Kg7 37. Rd3 Ne3 38. Qc7+ Re7 39. Qxd6 Qxd6 40. Rxd6 Nxc2 41. Rd2 Re1+ 42. Kh2 Ne3 43. g5 h5 44. Rf2 Rd1 45. Bc6 Rd4 46. a4 bxa3 47. Ra2 Rd2+ 48. Rxd2 Nf1+ 49. Kg2 Nxd2 50. b4 a2 51. b5 a1Q 52. b6 Qf1+ 53. Kh2 Qf2+ 54. Kh1 Nf1 55. Bg2 Ng3+ 56. Kh2 f3 0-1

[Event "IND-ch U14"]
[Site "Ahmedabad"]
[Date "2022.05.09"]
[Round "1"]
[White "Kadam, Om Manish"]
[Black "Divesh, G."]
[Result "1-0"]
[WhiteElo "2144"]
[BlackElo "1303"]
[PlyCount "83"]
[EventDate "2022.05.09"]
[EventType "swiss"]
[EventRounds "11"]
[EventCountry "IND"]
[SourceTitle "CBM 208 Extra"]
[Source "ChessBase"]
[SourceDate "2022.07.31"]
[SourceVersion "1"]
[SourceVersionDate "2022.07.31"]
[SourceQuality "1"]

1. e4 c6 2. c4 d5 3. exd5 cxd5 4. cxd5 Nf6 5. Nc3 Nxd5 6. Nf3 g6 7. Qb3 Nb6 8. Bb5+ Bd7 9. Bxd7+ N8xd7 10. a4 a5 11. 0-0 Bg7 12. d4 0-0 13. Re1 h6 14. Ne5 Nxe5 15. dxe5 Kh7 16. Be3 Nd7 17. Rad1 Qc8 18. f4 Nc5 19. Qb5 Ne6 20. Nd5 Nc7 21. Nxc7 Qxc7 22. Rd7 Qc2 23. Rxe7 Rad8 24. h3 Rd1 25. Rxd1 Qxd1+ 26. Kh2 Qe1 27. Qb3 h5 28. Qc3 Qf1 29. Qxa5 h4 30. Qd2 Bh6 31. e6 Qc4 32. a5 Kg8 33. exf7+ Rxf7 34. Qd8+ Kh7 35. Rxf7+ Qxf7 36. Qxh4 Qe6 37. Bd4 Qe4 38. Be5 g5 39. Qg4 gxf4 40. Qd7+ Kg6 41. Qe6+ Kh5 42. Qg4# 1-0

[Event "IND-ch U14"]
[Site "Ahmedabad"]
[Date "2022.05.09"]
[Round "2"]
[White "Raihaan, Zahid"]
[Black "Kadam, Om Manish"]
[Result "0-1"]
[WhiteElo "1457"]
[BlackElo "2144"]
[PlyCount "80"]
[EventDate "2022.05.09"]
[EventType "swiss"]
[EventRounds "11"]
[EventCountry "IND"]
[SourceTitle "CBM 208 Extra"]
[Source "ChessBase"]
[SourceDate "2022.07.31"]
[SourceVersion "1"]
[SourceVersionDate "2022.07.31"]
[SourceQuality "1"]

1. c4 c6 2. g3 Nf6 3. Bg2 d5 4. b3 g6 5. Bb2 Bg7 6. Nf3 0-0 7. 0-0 Bg4 8. d3 Bxf3 9. Bxf3 d4 10. Nd2 e5 11. Ba3 Re8 12. Qc2 a5 13. Bb2 Na6 14. a3 Bh6 15. Rab1 Nd7 16. Bc1 Bf8 17. e4 dxe3 18. fxe3 Bh6 19. Ne4 Qe7 20. d4 f5 21. Nc3 exd4 22. exd4 Be3+ 23. Bxe3 Qxe3+ 24. Rf2 Qxd4 25. Rd1 Qg7 26. Rfd2 Ne5 27. Bg2 Ng4 28. Rd7 Qh6 29. Bf3 Qe3+ 30. Kg2 Ne5 31. R7d3 Nxd3 32. Rxd3 Qe5 33. Rd7 Nc5 34. Rd2 Rad8 35. Re2 Qd4 36. Rxe8+ Rxe8 37. Ne2 Qd3 38. Qb2 Qxb3 39. Qd4 Qe3 40. Qf6 Ne4 0-1

[Event "Titled Tuesday intern op 03rd May Early"]
[Site "Chess.com INT"]
[Date "2022.05.03"]
[Round "3"]
[White "Fajdetic, Hrvoje"]
[Black "Kadam, Om Manish"]
[Result "0-1"]
[WhiteElo "2151"]
[BlackElo "2144"]
[PlyCount "62"]
[EventDate "2022.05.03"]
[EventType "swiss (blitz)"]
[EventRounds "11"]
[EventCountry "USA"]
[SourceTitle "CBM 208 Extra"]
[Source "ChessBase"]
[SourceDate "2022.07.31"]
[SourceVersion "1"]
[SourceVersionDate "2022.07.31"]
[SourceQuality "1"]

1. d4 f5 2. Bg5 Nf6 3. Bxf6 exf6 4. e3 d5 5. c4 dxc4 6. Bxc4 c6 7. Nc3 Bd6 8. h4 Qe7 9. Qb3 b5 10. Bd3 a5 11. Nh3 a4 12. Qc2 f4 13. Bxh7 fxe3 14. Bg6+ Kf8 15. h5 Na6 16. 0-0 Nb4 17. Qc1 Bxh3 18. gxh3 exf2+ 19. Rxf2 Bc7 20. Re2 Qd6 21. Qe3 Kg8 22. Rae1 Rf8 23. Qe6+ Qxe6 24. Rxe6 Bb6 25. R1e4 f5 26. Rf4 Nd3 27. Rf3 Bxd4+ 28. Kh1 Ne5 29. Rxf5 Nxg6 30. Rxf8+ Nxf8 31. Rxc6 Rxh5 0-1

[Event "Titled Tuesday intern op 03rd May Early"]
[Site "Chess.com INT"]
[Date "2022.05.03"]
[Round "8"]
[White "Kadam, Om Manish"]
[Black "Arabidze, Meri"]
[Result "1-0"]
[WhiteElo "2144"]
[BlackElo "2436"]
[PlyCount "79"]
[EventDate "2022.05.03"]
[EventType "swiss (blitz)"]
[EventRounds "11"]
[EventCountry "USA"]
[SourceTitle "CBM 208 Extra"]
[Source "ChessBase"]
[SourceDate "2022.07.31"]
[SourceVersion "1"]
[SourceVersionDate "2022.07.31"]
[SourceQuality "1"]

1. e4 c5 2. Nf3 e6 3. d4 cxd4 4. Nxd4 Nc6 5. Nc3 a6 6. Be3 Nf6 7. a3 Qc7 8. Be2 b5 9. 0-0 Bb7 10. f4 d6 11. Bf3 Be7 12. Qe1 0-0 13. Rd1 Rac8 14. Kh1 Rfe8 15. Qg3 g6 16. Qh3 Bf8 17. e5 Nd7 18. exd6 Bxd6 19. Ndxb5 axb5 20. Nxb5 Qb8 21. Nxd6 Nf6 22. Qh4 Nd5 23. Nxe8 Nxe3 24. Nf6+ Kg7 25. Rd7 h6 26. Ng4 Nxg4 27. Qxg4 Re8 28. Be4 Kf8 29. Rfd1 Ba8 30. Rxf7+ Kxf7 31. Qxg6+ Kf8 32. Qxh6+ Kg8 33. Qg6+ Kf8 34. Qf6+ Kg8 35. Rd7 Ne7 36. Qxe6+ Kf8 37. Bxa8 Qxf4 38. Bf3 Qc1+ 39. Rd1 Qxb2 40. c4 1-0

[Event "Titled Tuesday intern op 26th Apr Early"]
[Site "Chess.com INT"]
[Date "2022.04.26"]
[Round "1"]
[White "Kadam, Om Manish"]
[Black "Mohammadian, Mohammad Taghi"]
[Result "1-0"]
[WhiteElo "2144"]
[BlackElo "1454"]
[PlyCount "125"]
[EventDate "2022.04.26"]
[EventType "swiss (blitz)"]
[EventRounds "11"]
[EventCountry "USA"]
[SourceTitle "CBM 208 Extra"]
[Source "ChessBase"]
[SourceDate "2022.07.31"]
[SourceVersion "1"]
[SourceVersionDate "2022.07.31"]
[SourceQuality "1"]

1. e4 e5 2. Nf3 Nc6 3. Bc4 Bc5 4. c3 Nf6 5. d3 h6 6. b4 Bd6 7. a4 a6 8. Qb3 0-0 9. 0-0 b6 10. Nh4 Nxe4 11. Nf5 Nf6 12. f4 exf4 13. Nxd6 cxd6 14. Bxf4 d5 15. Bxd5 Nxd5 16. Qxd5 Bb7 17. Bd6 Qg5 18. Qxg5 hxg5 19. Bxf8 Rxf8 20. Nd2 Ne5 21. d4 Ng6 22. g3 f6 23. Rae1 Bd5 24. c4 Be6 25. d5 Bh3 26. Rf3 g4 27. Rfe3 Ne5 28. Rxe5 fxe5 29. Rxe5 Rf7 30. c5 bxc5 31. bxc5 Kf8 32. c6 dxc6 33. dxc6 Rf6 34. Rc5 Rd6 35. c7 Rxd2 36. c8Q+ Kf7 37. Qf5+ Ke8 38. Rc8+ Rd8 39. Qf8+ Kxf8 40. Rxd8+ Ke7 41. Ra8 Kd6 42. Rxa6+ Kc5 43. Rg6 Kb4 44. Rxg7 Kxa4 45. Kf2 Kb4 46. Ke3 Kc4 47. Kf4 Kd5 48. Rxg4 Bxg4 49. Kxg4 Ke6 50. Kg5 Kf7 51. h4 Kg8 52. h5 Kh8 53. h6 Kg8 54. Kg6 Kh8 55. g4 Kg8 56. g5 Kh8 57. Kf7 Kh7 58. g6+ Kxh6 59. g7 Kh5 60. g8Q Kh4 61. Qg2 Kh5 62. Qg3 Kh6 63. Qg6# 1-0

[Event "Titled Tuesday intern op 26th Apr Early"]
[Site "Chess.com INT"]
[Date "2022.04.26"]
[Round "6"]
[White "Kotepalli, Sai Nirupama"]
[Black "Kadam, Om Manish"]
[Result "1-0"]
[WhiteElo "1912"]
[BlackElo "2144"]
[PlyCount "87"]
[EventDate "2022.04.26"]
[EventType "swiss (blitz)"]
[EventRounds "11"]
[EventCountry "USA"]
[SourceTitle "CBM 208 Extra"]
[Source "ChessBase"]
[SourceDate "2022.07.31"]
[SourceVersion "1"]
[SourceVersionDate "2022.07.31"]
[SourceQuality "1"]

1. e4 c6 2. d3 d5 3. Nd2 dxe4 4. dxe4 g6 5. Ngf3 Bg7 6. Bd3 Nd7 7. c3 Nc5 8. Bc2 Nd3+ 9. Bxd3 Qxd3 10. Qe2 Qxe2+ 11. Kxe2 Nf6 12. Re1 b6 13. Kf1 Ba6+ 14. Kg1 Nd7 15. Nb3 Ne5 16. Nxe5 Bxe5 17. f4 Bg7 18. e5 0-0-0 19. Be3 e6 20. a4 Bc4 21. Nd4 Kb7 22. a5 c5 23. Nf3 h6 24. b4 cxb4 25. axb6 axb6 26. Reb1 b3 27. Nd2 Rxd2 28. Bxd2 Rd8 29. Rb2 Bf8 30. Kf2 Rd3 31. Ra4 b5 32. Ra1 Bc5+ 33. Ke1 b4 34. Rc1 Bd5 35. Ke2 Be4 36. Rxb3 Kb6 37. Rb2 h5 38. cxb4 Bd4 39. Rbc2 Rb3 40. Rc8 Bd3+ 41. Ke1 Be4 42. R8c4 Rd3 43. Rxd4 Rxd4 44. Be3 1-0

[Event "Titled Tuesday intern op 19th Apr Early"]
[Site "Chess.com INT"]
[Date "2022.04.19"]
[Round "6"]
[White "Sanchez, Roberto Daniel"]
[Black "Kadam, Om Manish"]
[Result "0-1"]
[WhiteElo "1989"]
[BlackElo "2144"]
[PlyCount "40"]
[EventDate "2022.04.19"]
[EventType "swiss (blitz)"]
[EventRounds "11"]
[EventCountry "USA"]
[SourceTitle "EXT 2023"]
[Source "ChessBase"]
[SourceDate "2022.10.05"]
[SourceVersion "1"]
[SourceVersionDate "2022.10.05"]
[SourceQuality "1"]

1. e4 c6 2. d4 d5 3. e5 c5 4. Nf3 Nc6 5. dxc5 Bg4 6. Bb5 e6 7. Be3 Qa5+ 8. Nc3 Nge7 9. 0-0 0-0-0 10. Bd4 Bxf3 11. gxf3 Nxd4 12. Qxd4 Nf5 13. Qf4 Bxc5 14. a3 Bd4 15. Bd3 g5 16. Qg4 h5 17. Qh3 g4 18. fxg4 hxg4 19. Qg2 Nh4 20. Qg3 Nf3+ 0-1

[Event "Titled Tuesday intern op 19th Apr Early"]
[Site "Chess.com INT"]
[Date "2022.04.19"]
[Round "2"]
[White "Urazayev, Arystanbek"]
[Black "Kadam, Om Manish"]
[Result "0-1"]
[WhiteElo "2420"]
[BlackElo "2144"]
[PlyCount "190"]
[EventDate "2022.04.19"]
[EventType "swiss (blitz)"]
[EventRounds "11"]
[EventCountry "USA"]
[SourceTitle "EXT 2023"]
[Source "ChessBase"]
[SourceDate "2022.10.05"]
[SourceVersion "1"]
[SourceVersionDate "2022.10.05"]
[SourceQuality "1"]

1. d4 Nf6 2. c4 g6 3. Nc3 d5 4. cxd5 Nxd5 5. e4 Nxc3 6. bxc3 Bg7 7. Bc4 c5 8. Ne2 Nc6 9. Be3 0-0 10. h4 h5 11. 0-0 a6 12. dxc5 Ne5 13. Bd5 e6 14. Bb3 Bd7 15. Bg5 Qc8 16. Qd6 Bb5 17. Rfe1 Nd3 18. c4 Nxe1 19. Rxe1 Bc6 20. e5 Re8 21. Ng3 Bf8 22. Qd4 Qd7 23. Qxd7 Bxd7 24. Ne4 Bc6 25. Nf6+ Kg7 26. Nxe8+ Rxe8 27. Be3 Rd8 28. f3 Rd3 29. Kf2 Be7 30. g3 a5 31. Rd1 Rc3 32. Ke2 a4 33. Kd2 Rxe3 34. Kxe3 Bxc5+ 35. Ke2 axb3 36. axb3 Be7 37. f4 Kf8 38. Ra1 Bc5 39. Rb1 Bb4 40. Rd1 Ke7 41. Rd4 Bc5 42. Rd1 Be4 43. Rd2 Bf5 44. Kf1 Bh3+ 45. Ke2 Bg2 46. Ra2 Be4 47. Ra5 Bg1 48. c5 Bd5 49. b4 Bd4 50. Kd3 Bf2 51. Ra7 Bxg3 52. b5 Kd8 53. c6 bxc6 54. b6 Kc8 55. Rxf7 Bxh4 56. Rg7 Bg3 57. f5 exf5 58. Kd4 Bf2+ 59. Kd3 Bxb6 60. Rxg6 f4 61. e6 f3 62. Rg8+ Kc7 63. e7 Bf7 64. e8Q Bxe8 65. Rxe8 f2 66. Ke2 Bd4 67. Re4 c5 68. Rh4 Kd6 69. Rxh5 c4 70. Rh6+ Kc5 71. Rh5+ Kb4 72. Rh4 Bc5 73. Rf4 Kb3 74. Rf5 Bd4 75. Rd5 c3 76. Rxd4 c2 77. Rd3+ Kb4 78. Rd4+ Kb5 79. Rd5+ Kb6 80. Rd6+ Kb7 81. Kxf2 c1Q 82. Rd7+ Kc6 83. Rd3 Kc5 84. Re3 Kd4 85. Re2 Kd3 86. Re1 Qf4+ 87. Kg2 Kd2 88. Rf1 Qg4+ 89. Kh2 Ke2 90. Rg1 Qh4+ 91. Kg2 Ke3 92. Rf1 Qg4+ 93. Kh1 Qh3+ 94. Kg1 Qg3+ 95. Kh1 Ke4 0-1

[Event "Titled Tuesday intern op 12th Apr Early"]
[Site "Chess.com INT"]
[Date "2022.04.12"]
[Round "10"]
[White "Kadam, Om Manish"]
[Black "Palachev, Petr"]
[Result "0-1"]
[WhiteElo "2144"]
[BlackElo "2317"]
[PlyCount "98"]
[EventDate "2022.04.12"]
[EventType "swiss (blitz)"]
[EventRounds "11"]
[EventCountry "USA"]
[SourceTitle "CBM 207 Extra"]
[Source "ChessBase"]
[SourceDate "2022.05.31"]
[SourceVersion "1"]
[SourceVersionDate "2022.05.31"]
[SourceQuality "1"]

1. e4 c5 2. Nf3 d6 3. d4 cxd4 4. Nxd4 Nf6 5. Nc3 Nc6 6. g3 e5 7. Nde2 h5 8. h3 Be7 9. Bg2 Be6 10. Nd5 Rc8 11. c4 h4 12. g4 Nd7 13. 0-0 Bg5 14. f4 exf4 15. Bxf4 Bxf4 16. Nexf4 0-0 17. Kh1 Nce5 18. b3 a6 19. Nxe6 fxe6 20. Nf4 Qe7 21. Qd2 g5 22. Nxe6 Qxe6 23. Qxg5+ Qg6 24. Qxh4 Rce8 25. Rf5 Rxf5 26. exf5 Qg7 27. Bd5+ Kf8 28. g5 Nf3 29. f6 Nxh4 30. fxg7+ Kxg7 31. Bxb7 Nc5 32. Bd5 Kg6 33. b4 Nd3 34. b5 axb5 35. cxb5 Nb4 36. Bc4 d5 37. Bf1 Nc2 38. Rc1 Ne3 39. Bd3+ Kxg5 40. b6 Rb8 41. Rb1 Kf4 42. a4 Kg3 43. a5 Nf3 44. Be2 Nd4 45. a6 Nxe2 46. Rb3 d4 47. b7 Kf2 48. a7 Ng3+ 49. Kh2 Nef1# 0-1

[Event "Titled Tuesday intern op 12th Apr Early"]
[Site "Chess.com INT"]
[Date "2022.04.12"]
[Round "6"]
[White "Kadam, Om Manish"]
[Black "Samaganova, Alexandra"]
[Result "1-0"]
[WhiteElo "2144"]
[BlackElo "1917"]
[PlyCount "67"]
[EventDate "2022.04.12"]
[EventType "swiss (blitz)"]
[EventRounds "11"]
[EventCountry "USA"]
[SourceTitle "CBM 207 Extra"]
[Source "ChessBase"]
[SourceDate "2022.05.31"]
[SourceVersion "1"]
[SourceVersionDate "2022.05.31"]
[SourceQuality "1"]

1. e4 c5 2. Nf3 e6 3. d4 cxd4 4. Nxd4 a6 5. c4 Qc7 6. Nc3 Nf6 7. Be2 Bb4 8. f3 0-0 9. 0-0 Bxc3 10. bxc3 d5 11. exd5 exd5 12. Bg5 Nbd7 13. Qd2 dxc4 14. Kh1 b5 15. a4 h6 16. Bf4 Qb7 17. axb5 axb5 18. Rxa8 Qxa8 19. Nxb5 Qc6 20. Nd4 Qc5 21. Qa2 Nb6 22. Rb1 Nbd5 23. Bd2 Bd7 24. Rb7 Rc8 25. Qb1 Be8 26. Rb8 Qc7 27. Rxc8 Qxc8 28. h3 Qc7 29. Qa2 Nb6 30. Qa6 Kh7 31. Nb5 Qc5 32. Nd4 g6 33. Qa7 Kg7 34. Ne6+ 1-0

[Event "Titled Tuesday intern op 15 Mar Late"]
[Site "Chess.com INT"]
[Date "2022.03.15"]
[Round "11"]
[White "Kadam, Om Manish"]
[Black "Donchenko, Alexander"]
[Result "0-1"]
[WhiteElo "2144"]
[BlackElo "2636"]
[PlyCount "92"]
[EventDate "2022.03.15"]
[EventType "swiss (blitz)"]
[EventRounds "11"]
[EventCountry "USA"]
[SourceTitle "CBM 207 Extra"]
[Source "ChessBase"]
[SourceDate "2022.05.31"]
[SourceVersion "1"]
[SourceVersionDate "2022.05.31"]
[SourceQuality "1"]

1. e4 e6 2. d4 d5 3. exd5 exd5 4. Nf3 Bd6 5. Bd3 Ne7 6. 0-0 Nbc6 7. c3 Bf5 8. Re1 Qd7 9. Bxf5 Qxf5 10. Nbd2 0-0-0 11. Nf1 h5 12. b4 f6 13. a4 g5 14. a5 Nb8 15. b5 a6 16. Ba3 Qd7 17. Bxd6 Qxd6 18. bxa6 Nxa6 19. Qe2 Nf5 20. Qd3 Qd7 21. Reb1 g4 22. N3d2 h4 23. Rb2 g3 24. Rab1 gxf2+ 25. Kxf2 Nd6 26. Rxb7 Qf5+ 27. Qxf5+ Nxf5 28. Ra7 Nb8 29. Rb5 Nd6 30. Rc5 c6 31. Ne3 Nb7 32. Nf5 Rd7 33. Rxb7 Kxb7 34. a6+ Kb6 35. Nb3 Nxa6 36. Ra5 Ra7 37. Ra2 Nc7 38. Rb2 Nb5 39. Nc5 h3 40. g3 Rha8 41. Kf3 Ra2 42. Rb3 R8a3 43. Ne3 Rxb3 44. Nxb3 Rxh2 45. c4 Rb2 46. c5+ Kc7 0-1

[Event "Titled Tuesday intern op 15 Mar Late"]
[Site "Chess.com INT"]
[Date "2022.03.15"]
[Round "6"]
[White "Kadam, Om Manish"]
[Black "Elissalt Cardenas, Hector"]
[Result "1-0"]
[WhiteElo "2144"]
[BlackElo "2290"]
[PlyCount "89"]
[EventDate "2022.03.15"]
[EventType "swiss (blitz)"]
[EventRounds "11"]
[EventCountry "USA"]
[SourceTitle "CBM 207 Extra"]
[Source "ChessBase"]
[SourceDate "2022.05.31"]
[SourceVersion "1"]
[SourceVersionDate "2022.05.31"]
[SourceQuality "1"]

1. e4 d6 2. d4 Nf6 3. Nc3 e5 4. Nf3 Nbd7 5. Bc4 Be7 6. 0-0 0-0 7. h3 c6 8. a4 a5 9. dxe5 dxe5 10. Qe2 Qc7 11. Rd1 Nc5 12. Bg5 Be6 13. Bh4 Rad8 14. Bg3 Nfd7 15. Rd2 Bxc4 16. Qxc4 Nb6 17. Qe2 Rxd2 18. Qxd2 f6 19. Nh4 g6 20. f4 Nc4 21. Qc1 exf4 22. Bxf4 Bd6 23. Bxd6 Qxd6 24. Nf3 Ne5 25. Qf1 Nxf3+ 26. Qxf3 Qd4+ 27. Kh1 Qe5 28. Rd1 Rf7 29. Qe3 Kg7 30. Qf3 Rd7 31. Rxd7+ Nxd7 32. Qd3 Nc5 33. Qc4 h5 34. Qe2 Ne6 35. Qd3 Nd4 36. Nd1 Ne6 37. Ne3 Nf4 38. Qd7+ Kh6 39. Qd2 Qxe4 40. Kh2 Kg7 41. Qd7+ Kh6 42. Qd2 Kg7 43. Nf1 Qe5 44. g3 Nd5 45. c4 1-0

[Event "Titled Tuesday intern op 08th Mar Early"]
[Site "Chess.com INT"]
[Date "2022.03.08"]
[Round "5"]
[White "Kadam, Om Manish"]
[Black "Pein, Jonathan"]
[Result "1-0"]
[WhiteElo "2144"]
[BlackElo "2229"]
[PlyCount "89"]
[EventDate "2022.03.08"]
[EventType "swiss (blitz)"]
[EventRounds "11"]
[EventCountry "USA"]
[SourceTitle "CBM 207 Extra"]
[Source "ChessBase"]
[SourceDate "2022.05.31"]
[SourceVersion "1"]
[SourceVersionDate "2022.05.31"]
[SourceQuality "1"]

1. e4 e5 2. Nf3 d6 3. d4 exd4 4. Nxd4 Nf6 5. Nc3 g6 6. Bc4 Bg7 7. 0-0 0-0 8. f3 a6 9. a4 Re8 10. Kh1 Nc6 11. Nxc6 bxc6 12. Bg5 h6 13. Bh4 g5 14. Bg3 Rb8 15. Rb1 Nh5 16. Bf2 Qf6 17. Bb3 Be6 18. Bxe6 Rxe6 19. Qd3 Nf4 20. Qxa6 c5 21. Be3 Ree8 22. Bxf4 gxf4 23. Nd5 Qd8 24. c3 Qd7 25. Nxf4 Ra8 26. Qd3 Rxa4 27. Nh5 Rb8 28. f4 Qg4 29. Nxg7 Qxg7 30. Rf3 Kh8 31. e5 dxe5 32. fxe5 Rg4 33. Qf1 Qxe5 34. Rxf7 Rbg8 35. Rf2 Qe4 36. Re1 Qc6 37. Ree2 R4g6 38. Rf5 c4 39. Rf8 Qd6 40. Rxg8+ Rxg8 41. h3 Qd3 42. Qf4 Qg6 43. Qxc4 Rd8 44. Qxc7 Rf8 45. Kh2 1-0